| 000 | 00860nas a2200265 4500 | ||
|---|---|---|---|
| 001 | BR7908395 | ||
| 003 | BR-BrBNA | ||
| 005 | 20231205084025.0 | ||
| 007 | ta | ||
| 008 | 230509b bl.|||p| |||| 00| 00por d | ||
| 040 |
_aBR-BrBNA _bpor _cBiblioteca Nacional de Agricultura |
||
| 041 | _a(Pt) | ||
| 072 | _aL70 | ||
| 100 | 1 | _aSilva Filho, A. de P.F. da | |
| 100 | 1 | _aJackson, L.L. | |
| 100 | 1 | _aShires, G.M.H. | |
| 245 | 1 |
_aAvaliacao da administracao endovenosa de Cloridrato de Xilazina, na funcao cardiopulmonar em bovinos _bParte de tese |
|
| 650 | _aVETERINARIA | ||
| 650 | _aCORACAO | ||
| 650 | _aSANGUE | ||
| 650 | _aBOVINO | ||
| 773 | 0 |
_tArquivos da Faculdade de Veterinaria da Universidade Federal do Rio Grande do Sul (Brazil) _x _g(Dec 1979), v. 7 p. 169-178 _wBR7908395 |
|
| 909 |
_a202311 _bLúcia _c55 _dLúcia Elande |
||
| 942 |
_2AGRIS _n0 _cANA |
||
| 999 |
_c102657 _d102657 |
||